DESIGN THINKING FOR DUMMIES (Record no. 882041)

MARC details
000 -LEADER
fixed length control field 00395nam a2200157Ia 4500
008 - FIXED-LENGTH DATA ELEMENTS--GENERAL INFORMATION
fixed length control field 231011s2022 xx 000 0 und d
020 ## - INTERNATIONAL STANDARD BOOK NUMBER
International Standard Book Number 9788130000000
041 ## - LANGUAGE CODE
Language code of text/sound track or separate title eng
082 ## - DEWEY DECIMAL CLASSIFICATION NUMBER
Classification number 658.4063/ROT
100 ## - MAIN ENTRY--PERSONAL NAME
Personal name ChristianMullerRoterberg
245 ## - TITLE STATEMENT
Title DESIGN THINKING FOR DUMMIES
250 ## - EDITION STATEMENT
Edition statement 1st
260 ## - PUBLICATION, DISTRIBUTION, ETC.
Place of publication, distribution, etc. New Delhi Indea
Name of publisher, distributor, etc. Wiley Indea Pvt. Ltd.
Date of publication, distribution, etc. 2022
300 ## - PHYSICAL DESCRIPTION
Extent 290
365 ## - TRADE PRICE
Price amount 799

No items available.